Capital : (Record no. 137117)

MARC details
000 -LEADER
fixed length control field 00536nam a22001937a 4500
010 ## - LIBRARY OF CONGRESS CONTROL NUMBER
LC control number 190545
035 ## - SYSTEM CONTROL NUMBER
System control number 190545
037 ## - SOURCE OF ACQUISITION
Source of stock number/acquisition Cen Lib / Ret
040 ## - CATALOGING SOURCE
Original cataloging agency DPL
Language of cataloging En
082 ## - DEWEY DECIMAL CLASSIFICATION NUMBER
Classification number 332.6
Item number MAR
100 ## - MAIN ENTRY--PERSONAL NAME
Personal name Marx, Karl
245 ## - TITLE STATEMENT
Title Capital :
Remainder of title a critical analysis of capitalist production /
Statement of responsibility, etc by Karl Marx
260 ## - PUBLICATION, DISTRIBUTION, ETC. (IMPRINT)
Place of publication, distribution, etc London
Name of publisher, distributor, etc Swan Sonnenschein
Date of publication, distribution, etc 1987
270 ## - ADDRESS
Address Paternoster Square
City London
300 ## - PHYSICAL DESCRIPTION
Extent (v 1. 884)
Dimensions 27cm(Hb)
650 ## - SUBJECT ADDED ENTRY--TOPICAL TERM
Topical term or geographic name as entry element Capital.
650 ## - SUBJECT ADDED ENTRY--TOPICAL TERM
Topical term or geographic name as entry element Economics
942 ## - ADDED ENTRY ELEMENTS (KOHA)
Source of classification or shelving scheme Dewey Decimal Classification
Koha item type English Books
Classification part 332.6
Call number suffix MAR
Holdings
Withdrawn status Lost status Materials specified (bound volume or other part) Damaged status Not for loan Home library Current library Date acquired Source of acquisition Total Checkouts Full call number Barcode Date last seen Date checked out Copy number Price effective from Koha item type
    v 1     Central Library Central Library 17/03/2016 Cen Lib/Ret 2 332.6 MAR 190545 19/02/2020 14/02/2020 1 17/03/2016 English Books
    v 1     Central Library Central Library 18/03/2016 Cen Lib/Ret   332.6 MAR 206084 18/03/2016   1 18/03/2016 English Books

© Delhi Public Library
Hit Counter
free hit counter